000 00480nam a22001697a 4500
003 OSt
005 20120302150557.0
008 090718t xxu||||| |||| 00| 0 eng d
035 _a७६९१
040 _cमराठी
100 _aआपटे, गुरुजी
_97552
245 _aलोकमान्य टिळक
250 _a४ थी
260 _aमुंबई
_bढवळे
_c१९५६
300 _b२०८ पाने
942 _2ddc
_cBOOK
999 _c492474
_d492471